Esprit et réalité; (Record no. 149578)

MARC details
000 -LEADER
fixed length control field nam a22 7a 4500
005 - DATE AND TIME OF LATEST TRANSACTION
control field 20190813114704.0
008 - FIXED-LENGTH DATA ELEMENTS--GENERAL INFORMATION
fixed length control field 190708b fr ||||| |||| 00| 0 fre d
050 04 - LIBRARY OF CONGRESS CALL NUMBER
Classification number BV4509.R8
Item number B47 1943
100 1# - MAIN ENTRY--PERSONAL NAME
Personal name Berdi︠a︡eff, Nikolas
Dates associated with a name 1874-1948
245 10 - TITLE STATEMENT
Title Esprit et réalité;
Remainder of title traduit du russe. /
Statement of responsibility, etc Nikolas Berdi︠a︡eff,
250 ## - EDITION STATEMENT
Edition statement 1a ed.
260 ## - PUBLICATION, DISTRIBUTION, ETC. (IMPRINT)
Place of publication, distribution, etc Paris,
Name of publisher, distributor, etc Aubier, Éditions Montaigne,
Date of publication, distribution, etc 1943.
300 ## - PHYSICAL DESCRIPTION
Extent 252 p. ;
Dimensions 19 cm.
490 0# - SERIES STATEMENT
Series statement Philosophie de l´esprit
504 ## - BIBLIOGRAPHY, ETC. NOTE
Bibliography, etc Incluye bibliografías e índice
650 #4 - SUBJECT ADDED ENTRY--TOPICAL TERM
Topical term or geographic name as entry element Metafísica
General subdivision Filosofía
650 #4 - SUBJECT ADDED ENTRY--TOPICAL TERM
Topical term or geographic name as entry element Filosofía
General subdivision Espiritualidad
650 #4 - SUBJECT ADDED ENTRY--TOPICAL TERM
Topical term or geographic name as entry element Civilización
General subdivision filosofía
942 ## - ADDED ENTRY ELEMENTS (KOHA)
Source of classification or shelving scheme Biblioteca del Cogreso de los Estados Unidos
Koha item type Libro
Holdings
Estado de pérdida Fuente de clasificación Estado del daño No para préstamo Ubicación permanente Ubicación actual Apartado o colección Fecha de adquisición Fuente de adquisición Edición Dependencia de educación superior (DES) Área del conocimiento Clasificación Código de Barras Date last seen Número de copia Costo por reposición Tipo de recurso
  Biblioteca del Cogreso de los Estados Unidos   Consulta Biblioteca de la Facultad de Filosofía Biblioteca de la Facultad de Filosofía Fondo "Luis Villoro" 08/07/2019 Donación 1a ed. Humanidades Educación y Humanidades BV4509.R8 B47 1943 BFF000032828 08/07/2019 C:1 1.00 Libro